| 000 | 00448nab a2200145Ia 4500 | ||
|---|---|---|---|
| 003 | ES-SlBCS | ||
| 005 | 20210601133828.0 | ||
| 008 | 140529s1995 xxu||||| |||| 00| 0 por d | ||
| 041 | _apor | ||
| 100 | 1 |
_aLorenzon, Alino _966331 |
|
| 245 | 0 | 0 |
_aPaul Luuvig Landesberg - Filosofia e engajamento _c Alino Lorenzon |
| 600 | 1 | 4 |
_aLandesberg, P. L. _9210284 |
| 773 | 0 |
_tPresença Filosofica _gvol. 20, nº. 1-2, 1995, págs. 268-274 _wRev966 |
|
| 942 | _cAR | ||
| 999 |
_c602785 _d602785 |
||